Statistics for Teams That LeBron James Beat In The NBA Playoffs.

Click here to take the quiz!

General Stats

  • This quiz has been taken 111 times
  • The average score is 32 of 41

Answer Stats

YearAnswer% Correct
2023Golden State Warriors
98%
2016Golden State Warriors
98%
2020Miami Heat
98%
2017Boston Celtics
97%
2011Boston Celtics
97%
2015Boston Celtics
97%
2018Boston Celtics
97%
2012Boston Celtics
97%
2020Denver Nuggets
87%
2010Chicago Bulls
86%
2015Chicago Bulls
86%
2011Chicago Bulls
86%
2013Chicago Bulls
86%
2016Toronto Raptors
86%
2018Toronto Raptors
86%
2017Toronto Raptors
86%
2013San Antonio Spurs
85%
2023Memphis Grizzlies
83%
2013Indiana Pacers
78%
2012Indiana Pacers
78%
2014Indiana Pacers
78%
2018Indiana Pacers
78%
2017Indiana Pacers
78%
2012Oklahoma City Thunder
77%
2009Detroit Pistons
76%
2016Detroit Pistons
76%
2007Detroit Pistons
76%
2013Milwaukee Bucks
76%
2012New York Knicks
74%
2020Portland Trail Blazers
73%
2020Houston Rockets
72%
2014Brooklyn Nets
71%
2011Philadelphia 76ers
69%
2007Washington Wizards
69%
2008Washington Wizards
69%
2006Washington Wizards
69%
2016Atlanta Hawks
67%
2015Atlanta Hawks
67%
2009Atlanta Hawks
67%
2007New Jersey Nets
4%
2014Charlotte Bobcats
2%

Score Distribution

Percentile by Number Answered

Percent of People with Each Score

Your Score History

You have not taken this quiz